Statistics for Countries Closest to Kenya - 15 Second Sprint

Click here to take the quiz!

General Stats

  • This quiz has been taken 35 times
  • The average score is 7 of 20

Answer Stats

kmcountrymiles% Correct
0Uganda0
83%
0Somalia0
77%
0Tanzania0
73%
0Ethiopia0
67%
365Rwanda227
60%
419Burundi260
50%
348Dem Rep Congo216
37%
518Sudan322
37%
0South Sudan0
30%
923Eritrea573
23%
735Central African
Republic
456
20%
795Malawi494
20%
1365Madagascar848
17%
658Mozambique409
17%
752Djibouti467
13%
1437Chad893
10%
871Comoros541
7%
974Yemen605
7%
1365Saudi Arabia848
3%
932Seychelles579
3%

Score Distribution

Percentile by Number Answered

Percent of People with Each Score

Your Score History

You have not taken this quiz